000 00355nam a2200145Ia 4500
003 OSt
005 20240106143514.0
008 170524s9999 xx 000 0 und d
020 _a0070530793
040 _ciimt university meerut
100 _aBERNARDIN- HJ
245 0 _aHUMAN RESOURCES MANAGEMENT
260 _bVRINDA PUBLICATION DELHI
942 _2ddc
_c02
999 _c7934
_d7934